LEADER 00905nam0-22003011i-450- 001 990004003870403321 005 20070920122121.0 035 $a000400387 035 $aFED01000400387 035 $a(Aleph)000400387FED01 035 $a000400387 100 $a20040304d2003----km-y0itay50------ba 101 0 $aita 102 $aIT 105 $aa---a---001yy 200 1 $aGuida alla progettazione dell'illuminazione naturale$fAssociazione italiana di illuminazione 210 $a[s.l.$cs. n.]$d2003 215 $a197 p.$cill.$d29 cm 610 0 $aIlluminazione naturale 676 $a621.32 710 01$aAIDI$9$0422487 801 0$aIT$bUNINA$gRICA$2UNIMARC 901 $aBK 912 $a990004003870403321 952 $a10 D IV 178$bDIEL 3139$fDINEL 959 $aDINEL 996 $aGuida alla progettazione dell'illuminazione naturale$9472037 997 $aUNINA